Sports Quiz

Random Sports or Baseball Quiz

2009 Baseball Awards Quiz Stats

 Plays Quiz not verified by Sporcle

Challenge
Share
Tweet
Embed
Score 0/15 Timer 05:00
0 Plays Today
Award Recipient % Correct
NL MVPAlbert Pujols
94.8%
NL Hank Aaron AwardAlbert Pujols
94.8%
NL Cy YoungTim Lincecum
91.8%
AL MVPJoe Mauer
87.6%
AL Cy YoungZack Greinke
85.1%
NL Manager of the YearJim Tracy
44.3%
AL Hank Aaron AwardDerek Jeter
41.8%
Roberto Clemente AwardDerek Jeter
41.8%
Award Recipient % Correct
AL Rookie of the YearAndrew Bailey
35.6%
NL Rookie of the YearChris Coghlan
31.4%
AL Manager of the YearMike Scioscia
31.4%
Delivery of the YearMariano Rivera
28.9%
NL Comeback Player of the YearChris Carpenter
19.1%
AL Comeback Player of the YearAaron Hill
10.3%
Clutch Performer AwardAndre Ethier
6.7%

You're not logged in!

Compare scores with friends on all Sporcle quizzes.
OR
Log In

You Might Also Like...

Show Comments

Extras

Created Jan 20, 2010ReportNominate
Tags:Baseball Quiz, 2009, award, recipient

Top Quizzes Today


Score Distribution

Your Account Isn't Verified!

In order to create a playlist on Sporcle, you need to verify the email address you used during registration. Go to your Sporcle Settings to finish the process.

Report this User

Report this user for behavior that violates our Community Guidelines.

Details: